Tiếng Anh văn phòng và giao tiếp thương mại

Na minha lista:
Detalhes bibliográficos
Formato: Livro
Tags: Adicionar Tag
Sem tags, seja o primeiro a adicionar uma tag!
Thư viện lưu trữ: Mạng thư viện Đại học Đà Nẵng
LEADER 00434nam a22001691a 4500
001 000037185
003 13480
005 20160412020311.0
008 160412s0 000
082 |a 4A(07)84 
245 |a Tiếng Anh văn phòng và giao tiếp thương mại  |c Frisnew 
OWN |a LNN 
999 |a From the UDN01 
TYP |a Monograph 
980 |a Mạng thư viện Đại học Đà Nẵng